Heidegger and the politics of poetry / (Record no. 129139)
[ view plain ]
| 000 -LEADER | |
|---|---|
| fixed length control field | 01855cam a2200397 a 4500 |
| 001 - CONTROL NUMBER | |
| control field | 14444323 |
| 003 - CONTROL NUMBER IDENTIFIER | |
| control field | ARRUPE |
| 005 - DATE AND TIME OF LATEST TRANSACTION | |
| control field | 20190306101438.0 |
| 008 - FIXED-LENGTH DATA ELEMENTS--GENERAL INFORMATION | |
| fixed length control field | 060710s2007 ilu b s001 0 eng |
| 010 ## - LIBRARY OF CONGRESS CONTROL NUMBER | |
| LC control number | 2006022579 |
| 015 ## - NATIONAL BIBLIOGRAPHY NUMBER | |
| National bibliography number | GBA6A2006 |
| Source | bnb |
| 016 7# - NATIONAL BIBLIOGRAPHIC AGENCY CONTROL NUMBER | |
| Record control number | 013618432 |
| Source | Uk |
| 020 ## - INTERNATIONAL STANDARD BOOK NUMBER | |
| International Standard Book Number | 0252031539 (cloth : alk. paper) |
| 020 ## - INTERNATIONAL STANDARD BOOK NUMBER | |
| International Standard Book Number | 9780252031533 (cloth : alk. paper) |
| 035 ## - SYSTEM CONTROL NUMBER | |
| System control number | (OCoLC)ocm70630390 |
| 035 ## - SYSTEM CONTROL NUMBER | |
| System control number | (OCoLC)70630390 |
| 040 ## - CATALOGING SOURCE | |
| Original cataloging agency | DLC |
| Transcribing agency | DLC |
| Modifying agency | BAKER |
| -- | UKM |
| -- | C#P |
| -- | YDXCP |
| -- | BTCTA |
| -- | IXA |
| -- | DLC |
| 041 1# - LANGUAGE CODE | |
| Language code of text/sound track or separate title | eng |
| Language code of original and/or intermediate translations of text | fre |
| 050 00 - LIBRARY OF CONGRESS CALL NUMBER | |
| Classification number | B3279.H49 |
| Item number | L25313 2007 |
| 082 00 - DEWEY DECIMAL CLASSIFICATION NUMBER | |
| Classification number | 193 |
| Edition number | 22 |
| 300 ## - PHYSICAL DESCRIPTION | |
| Dimensions | 22 cm. |
| 100 1# - MAIN ENTRY--PERSONAL NAME | |
| Personal name | Lacoue-Labarthe, Philippe. |
| 9 (RLIN) | 45017 |
| 245 10 - TITLE STATEMENT | |
| Title | Heidegger and the politics of poetry / |
| Statement of responsibility, etc | Philippe Lacoue-Labarthe ; translated and with an introduction by Jeff Fort. |
| 260 ## - PUBLICATION, DISTRIBUTION, ETC. (IMPRINT) | |
| Place of publication, distribution, etc | Urbana : |
| Name of publisher, distributor, etc | University of Illinois Press, |
| Date of publication, distribution, etc | c2007. |
| 300 ## - PHYSICAL DESCRIPTION | |
| Extent | xviii, 111 p. ; |
| 500 ## - GENERAL NOTE | |
| General note | Translated from the French. |
| 504 ## - BIBLIOGRAPHY, ETC. NOTE | |
| Bibliography, etc | Includes bibliographical references and index. |
| 505 0# - FORMATTED CONTENTS NOTE | |
| Formatted contents note | Author's preface -- Prologue: Heidegger's onto-mythology -- Poetry, philosophy, politics -- Il faut -- The courage of poetry -- Epilogue: the spirit of national socialism and its destiny. |
| 546 ## - LANGUAGE NOTE | |
| Language note | Translated from the French. |
| 600 10 - SUBJECT ADDED ENTRY--PERSONAL NAME | |
| Personal name | Heidegger, Martin, |
| Dates associated with a name | 1889-1976. |
| 9 (RLIN) | 45018 |
| 650 #0 - SUBJECT ADDED ENTRY--TOPICAL TERM | |
| Topical term or geographic name as entry element | Poetry. |
| 9 (RLIN) | 8404 |
| 856 41 - ELECTRONIC LOCATION AND ACCESS | |
| Materials specified | Table of contents only |
| Uniform Resource Identifier | <a href="http://www.loc.gov/catdir/toc/ecip0617/2006022579.html">http://www.loc.gov/catdir/toc/ecip0617/2006022579.html</a> |
| 856 42 - ELECTRONIC LOCATION AND ACCESS | |
| Materials specified | Publisher description |
| Uniform Resource Identifier | <a href="http://www.loc.gov/catdir/enhancements/fy0662/2006022579-d.html">http://www.loc.gov/catdir/enhancements/fy0662/2006022579-d.html</a> |
| 906 ## - LOCAL DATA ELEMENT F, LDF (RLIN) | |
| a | 7 |
| b | cbc |
| c | orignew |
| d | 1 |
| e | ecip |
| f | 20 |
| g | y-gencatlg |
| 942 ## - ADDED ENTRY ELEMENTS (KOHA) | |
| Source of classification or shelving scheme | Library of Congress Classification |
| Koha item type | Monograph ( Printed materials) |
| Withdrawn status | Lost status | Source of classification or shelving scheme | Damaged status | Not for loan | Collection code | Home library | Current library | Shelving location | Date acquired | Total Checkouts | Full call number | Barcode | Date last seen | Price effective from | Koha item type |
|---|---|---|---|---|---|---|---|---|---|---|---|---|---|---|---|
| Library of Congress Classification | Main Collection | ARRUPE LIBRARY | ARRUPE LIBRARY | Main Collection | 06/03/2019 | B3279.H49 L25313 2007 | 46600004092 | 06/03/2019 | 06/03/2019 | Monograph ( Printed materials) |